LEADER 01375nam a2200277 i 4500 001 000000211258 003 CaOOAMICUS 005 20120227000000.0 008 120227s1923 xx u000 u lat u 013 $a190071 040 $aSeMil$bita 245 10$aIn C. Verrem actionis secundae libri 1.-3. /$crecognovit Alfredus Klotz. 260 $aLipsiae :$bin aedibus B. G. Teubneri,$c1923. 300 $a350 p. ;$c18 cm. 490 0 $aBibliotheca scriptorum graecorum et romanorum Teubneriana 700 1 $aKlotz, Alfred.$0(OLS)http://semarc/name/11802 700 0 $aCicero, Marcus Tullius,$d<106-43 a.C.>.$0(OLS)http://semarc/name/659 773 0 $aCicero, Marcus Tullius <106-43 a.C.>$tM. Tulli Ciceronis scripta quae manserunt omnia.$bEditio maior.$dLipsiae : in aedibus B. G. Teubneri, [185?]$kBibliotheca scriptorum graecorum et romanorum Teubneriana$gVol.5$w()26342 830 0$aBibliotheca scriptorum graecorum et romanorum Teubneriana.$0(OLS)http://semarc/title/35285 850 $aSeMil 852 $aSeMil$W1$xVenegono$y1$m1X II 192 FA$j161701$B161701$CSeMilBibl$Z2$F173019 $8I 900 0 $aCicerone, Marco Tullio. 961 $aOmaggio: Deposito 996 $6245$aIn C. Verrem actionis secundae libri 1.-3.$9(OLS)http://semarc/title/305218 996 $6260$aLipsiae :$bin aedibus B. G. Teubneri$9(OLS)http://semarc/publisher/36792 LEADER 01247nam a2200289 i 4500 001 000000124750 003 CaOOAMICUS 005 20050926000000.0 008 050926s2000 it u000 u ita u 013 $a97447 020 $a88-343-0578-7 040 $aSeMil$bita 100 1 $aGrasso, Aldo,$d<1948- >.$0(OLS)http://semarc/name/8269 245 10$aRadio e Televisione :$bTeorie, analisi, storie, esercizi /$cAldo Grasso. 260 $aMilano :$bVita e Pensiero,$cCopyr. 2000. 300 $aVIII, 284 p. :$btabelle ;$c24 cm. 490 0 $aLa cittą e lo spettacolo ;$v9 500 $aContiene : Bibliografia. - Fondo C.M. Martini. 650 4$aTrasmissioni radiotelevisive - Aspetti socio-culturali.$0(OLS)http://semarc/subject/14772 830 3$aLa cittą e lo spettacolo ;$v9.$0(OLS)http://semarc/title/10501 850 $aSeMil 852 $aSeMil$W1$xVenegono$y1$m3M V 161$j79270$B79270$CSeMilBibl$Z2$F103674 $81 941 1 $a4 961 $aOmaggio: Martini Card. Carlo Maria 996 $6020$a88-343-0578-7$9(OLS)http://semarc/number/110544 996 $6245$aRadio e Televisione :$bTeorie, analisi, storie, esercizi$9(OLS)http://semarc/title/183599 996 $6260$aMilano :$bVita e Pensiero$9(OLS)http://semarc/publisher/29642